Sociální ochrana oficiálně chudých domácností

Keď sa ocitne občan, resp. domácnosť v stave hmotnej núdze, t.j. celkové príjmy domácnosti sú pod hranicou životného minima, nastupuje pomoc zo strany štátu a príjem do životného minima je doplácaný. S predlžujúcou sa dĺžkou nezamestnanosti ohrozených skupín sa časť obyvateľstva dostáva na okraj spo...

ver descrição completa

Na minha lista:
Detalhes bibliográficos
Autor principal: Vavrečková, Jana
Formato: Capítulo de Livro
Idioma:tcheco
Assuntos:
Tags: Adicionar Tag
Sem tags, seja o primeiro a adicionar uma tag!

MARC

LEADER 00000naa a2200000 4500
001 r038569
005 20230913071551.2
041 0 |a cze 
044 |a CZ 
245 1 0 |a Sociální ochrana oficiálně chudých domácností  |c Jana Vavrečková 
520 |a Keď sa ocitne občan, resp. domácnosť v stave hmotnej núdze, t.j. celkové príjmy domácnosti sú pod hranicou životného minima, nastupuje pomoc zo strany štátu a príjem do životného minima je doplácaný. S predlžujúcou sa dĺžkou nezamestnanosti ohrozených skupín sa časť obyvateľstva dostáva na okraj spoločnosti a do závislosti na sociálnu pomoc štátu. 
610 2 0 |a ochrana sociálna 
610 2 0 |a závislosť sociálna 
610 2 0 |a chudoba 
610 2 0 |a domácnosti 
610 2 0 |a pomoc sociálna 
610 2 0 |a pomoc štátna 
610 2 0 |a minimum existenčné 
610 2 0 |a nezamestnanosť 
610 2 0 |a príjmy obyvateľstva 
610 2 0 |a príjmy rodinné 
610 2 0 |a Česko 
100 1 |a Vavrečková, Jana